Statistics for Minor Civil Divisions (Townships) of Kansas With a Map

Click here to take the quiz!

General Stats

  • This quiz has been taken 60 times
  • The average score is 383 of 1531

Answers on the Map

Answers color-coded by a green-red scale on the quiz's map according to % correct below.
 

Answer Stats

CountyMCD% Correct
WyandotteKansas City
80%
SedgwickWichita
78%
ShawneeTopeka
76%
Pottawatomie | RileyManhattan
73%
Anderson | Brown | Chautauqua | +11 othersWashington
73%
Cloud | Douglas | OsborneLawrence
71%
Chautauqua | Dickinson | Geary | +4 othersJefferson
68%
MorrisOverland
68%
Harper | Morris | Rooks1
63%
Bourbon | Edwards | Franklin | +6 othersFranklin
63%
PottawatomieGreen
63%
Anderson | Edwards | Geary | +6 othersJackson
63%
JohnsonOlathe
63%
Cherokee | JohnsonShawnee
63%
Pratt | Rooks10
61%
Harper | Morris | Rooks2
61%
Harper | Morris | Rooks3
61%
Harper | Morris | Rooks4
61%
Harper | Morris | Rooks5
61%
Harper | Morris | Pratt | Rooks6
61%
Morris | Pratt | Rooks7
61%
Morris | Pratt | Rooks8
61%
NemahaAdams
61%
FordDodge
61%
FordDodge City
61%
Anderson | Butler | Cloud | +25 othersLincoln
61%
Greenwood | Lincoln | RileyMadison
61%
JohnsonOverland Park
61%
Morris | Pratt | Rooks9
59%
NessJohnson
59%
Pratt | Rooks11
56%
Pratt | Rooks12
56%
LeavenworthLeavenworth
56%
AndersonMonroe
56%
SalineSalina
56%
Allen | Bourbon | Crawford | +2 othersOsage
54%
Bourbon | Pawnee | SmithPawnee
54%
ThomasSmith
54%
ButlerSpring
54%
Jewell | KingmanAllen
51%
FordFord
51%
Barton | Clay | Cloud | +22 othersGrant
51%
RenoHutchinson
51%
BarberKiowa
51%
McPherson | ShermanMcPherson
51%
KingmanWhite
51%
Cherokee | MontgomeryCherokee
49%
Barton | LaneCheyenne
49%
MarionClark
49%
Jackson | StaffordDouglas
49%
EllisEllis
49%
Saline | SedgwickGreeley
49%
EllisHays
49%
Crawford | MitchellPittsburg
49%
RussellRussell
49%
Bourbon | Lincoln | Linn | ScottScott
49%
EllsworthThomas
49%
AtchisonAtchison
46%
Atchison | Chautauqua | Clark | +23 othersCenter
46%
Cherokee | CrawfordCrawford
46%
Cloud | OsageElk
46%
EllsworthEllsworth
46%
Harper | McPhersonHarper
46%
Chautauqua | Franklin | Jewell | +3 othersHarrison
46%
CoffeyKey West
46%
SewardLiberal
46%
WashingtonLinn
46%
Allen | Barton | Butler | +16 othersLogan
46%
Cherokee | Cloud | Decatur | +2 othersLyon
46%
Bourbon | Doniphan | Douglas | +3 othersMarion
46%
Jefferson | NortonNorton
46%
Osborne | SumnerOsborne
46%
PrattPratt
46%
Cherokee | Cowley | Crawford | +4 othersSheridan
46%
WallaceWallace
46%
Ellsworth | Lane | Marion | RiceWilson
46%
Butler | RenoClay
44%
BartonComanche
44%
Cherokee | HarveyGarden
44%
JohnsonLenexa
44%
Miami | RenoMiami
44%
SumnerMorris
44%
HarveyNewton
44%
Labette | WoodsonNorth
44%
SmithOak
44%
Franklin | OttawaOttawa
44%
Coffey | Franklin | PottawatomiePottawatomie
44%
Leavenworth | RenoReno
44%
Linn | Miami | Ottawa | StantonStanton
44%
WabaunseeWabaunsee
44%
Ford | OttawaConcord
41%
LyonEmporia
41%
FinneyGarden City
41%
GoveGove
41%
Franklin | PhillipsGreenwood
41%
Cowley | SmithHarvey
41%
OsborneHawkeye
41%
Elk | LabetteHoward
41%
LabetteLabette
41%
GoveLewis
41%
Nemaha | RiceMitchell
41%
Ottawa | Pawnee | SedgwickMorton
41%
Jewell | WilsonPrairie
41%
SewardSeward
41%
Clay | Crawford | Decatur | +9 othersSherman
41%
StaffordStafford
41%
Osborne | Phillips | Reno | SumnerSumner
41%
Barton | Butler | Clay | +15 othersUnion
41%
Barton | Marshall | StaffordCleveland
39%
Clay | Decatur | Dickinson | +8 othersGarfield
39%
GrahamGraham
39%
HaskellHaskell
39%
Clay | Dickinson | Franklin | +4 othersHayes
39%
OsageJunction
39%
KingmanKingman
39%
ChautauquaLafayette
39%
Greenwood | SmithLane
39%
NemahaNemaha
39%
Cherokee | Coffey | LabetteNeosho
39%
Lincoln | PawneeOrange
39%
DickinsonAbilene
37%
CoffeyBurlington
37%
EllsworthColumbia
37%
SumnerGreene
37%
Clark | JohnsonLexington
37%
Brown | Johnson | Neosho | ShawneeMission
37%
AndersonRich
37%
DecaturRoosevelt
37%
HarveySedgwick
37%
Atchison | Butler | HodgemanBenton
34%
DouglasClinton
34%
CherokeeColumbus
34%
ShermanGoodland
34%
OttawaHenry
34%
Doniphan | Montgomery | Osborne | WashingtonIndependence
34%
MortonJones
34%
GearyJunction City
34%
Harvey | ScottLake
34%
Barton | Clark | Coffey | +16 othersLiberty
34%
ThomasMorgan
34%
SedgwickPark
34%
PawneeRiver
34%
Reno | RiceBell
32%
ThomasColby
32%
OsborneHancock
32%
StevensMoscow
32%
Cowley | OsborneWinfield
32%
PottawatomieBlue
29%
Barton | Cloud | JewellBuffalo
29%
CheyenneCalhoun
29%
KingmanEvan
29%
Doniphan | ShermanIowa
29%
SumnerLondon
29%
SmithMartin
29%
Franklin | NemahaRichmond
29%
MarshallRock
29%
Allen | Cowley | Greenwood | SedgwickSalem
29%
Doniphan | EdwardsWayne
29%
MarshallWells
29%
StaffordYork
29%
ButlerAugusta
27%
CloudConcordia
27%
ChaseCottonwood
27%
Jefferson | Leavenworth | WyandotteDelaware
27%
ShawneeDover
27%
LeavenworthEaston
27%
RussellFairfield
27%
BartonGreat Bend
27%
Reno | ShawneeGrove
27%
Lincoln | WashingtonHanover
27%
SmithHouston
27%
AtchisonLancaster
27%
JohnsonMission Hills
27%
LoganOakley
27%
Franklin | Ness | Saline | +2 othersOhio
27%
LinnParis
27%
GreenwoodQuincy
27%
MortonRichfield
27%
PottawatomieSt. George
27%
HamiltonSyracuse
27%
Barber | Ellsworth | Hodgeman | +11 othersValley
27%
Smith | WilsonWebster
27%
SumnerWellington
27%
WabaunseeAlma
24%
RileyAshland
24%
RawlinsAtwood
24%
Chautauqua | RepublicBelleville
24%
SumnerCaldwell
24%
LincolnColorado
24%
SumnerCreek
24%
Decatur | MitchellCuster
24%
KingmanDale
24%
Johnson | LeavenworthDe Soto
24%
ButlerEl Dorado
24%
Bourbon | Ellis | Phillips | RepublicFreedom
24%
LyonFremont
24%
JohnsonGardner
24%
JohnsonLeawood
24%
Marshall | MiamiMarysville
24%
Johnson | SumnerOxford
24%
MiamiPaola
24%
WoodsonPerry
24%
LyonPike
24%
RussellPlymouth
24%
Butler | Cowley | Ford | +10 othersRichland
24%
BarberSharon
24%
EdwardsTrenton
24%
RenoTroy
24%
JewellAthens
22%
CloudAurora
22%
Clay | Marion | Ottawa | SmithBlaine
22%
Clay | Ford | OsborneBloom
22%
HarveyBurrton
22%
WashingtonCharleston
22%
Gray | Meade | MortonCimarron
22%
DecaturCook
22%
Phillips | SalineDayton
22%
AllenElm
22%
Barton | Greenwood | Kingman | +3 othersEureka
22%
BourbonFort Scott
22%
ElkGreenfield
22%
BrownHiawatha
22%
Clay | Harvey | Jewell | +3 othersHighland
22%
AllenHumboldt
22%
Graham | LincolnIndiana
22%
AllenIola
22%
WichitaLeoti
22%
RiceLyons
22%
BarberMedicine Lodge
22%
JohnsonMerriam
22%
Barber | MarionMoore
22%
Clay | CloudOakland
22%
MontgomeryParker
22%
OsbornePenn
22%
Anderson | StaffordPutnam
22%
KingmanRochester
22%
SedgwickRockford
22%
ScottScott City
22%
WallaceSharon Springs
22%
GrantSullivan
22%
ChaseToledo
22%
MarshallVermillion
22%
OsborneVictor
22%
Ellis | RiceVictoria
22%
AndersonWalker
22%
RenoArlington
20%
Kingman | PhillipsBelmont
20%
CheyenneBird City
20%
ButlerBloomington
20%
Kingman | McPhersonCanton
20%
Chase | Cowley | Jackson | +2 othersCedar
20%
Linn | NeoshoCenterville
20%
ComancheColdwater
20%
HamiltonCoolidge
20%
KearnyDeerfield
20%
LaneDighton
20%
Barber | Kingman | SedgwickEagle
20%
Ness | SumnerEden
20%
Neosho | SedgwickErie
20%
CrawfordGirard
20%
Decatur | SmithHarlan
20%
KearnyHartland
20%
Barton | Harvey | KearnyLakin
20%
Butler | MarionMilton
20%
OttawaMinneapolis
20%
Atchison | LabetteMount Pleasant
20%
NessNevada
20%
Cherokee | LabetteOswego
20%
AndersonOzark
20%
KingmanPeters
20%
PhillipsPhillipsburg
20%
Butler | Coffey | Harvey | +2 othersPleasant
20%
JohnsonPrairie Village
20%
Sedgwick | TregoRiverside
20%
Cherokee | OsborneRoss
20%
ChautauquaSedan
20%
Cherokee | McPhersonSpring Valley
20%
Hodgeman | RiceSterling
20%
FinneyTerry
20%
GreeleyTribune
20%
CowleyVernon
20%
PottawatomieVienna
20%
TregoWaKeeney
20%
MiamiWea
20%
LeavenworthAlexandria
17%
HarperAnthony
17%
CowleyArkansas City
17%
ShawneeAuburn
17%
KingmanBennett
17%
NemahaBerwick
17%
SumnerBluff
17%
Johnson | Leavenworth | WyandotteBonner Springs
17%
OsageBurlingame
17%
MarionCentre
17%
ClayClay Center
17%
MontgomeryCoffeyville
17%
Cloud | Marion | WilsonColfax
17%
SumnerDixon
17%
DouglasEudora
17%
Barton | Butler | Cowley | +6 othersFairview
17%
Chase | SumnerFalls
17%
Republic | Stafford | WashingtonFarmington
17%
MarionFlorence
17%
WilsonFredonia
17%
AndersonGarnett
17%
AllenGeneva
17%
CoffeyHampden
17%
SumnerHarmon
17%
GrahamHill City
17%
MarionHillsboro
17%
NemahaHome
17%
DickinsonHope
17%
RenoHuntsville
17%
Nemaha | Rush | Sedgwick | SumnerIllinois
17%
DecaturJennings
17%
Jefferson | WabaunseeKaw
17%
LeavenworthKickapoo
17%
EdwardsKinsley
17%
HarveyMacon
17%
CowleyMaple
17%
McPherson | Miami | PhillipsMound
17%
WilsonNewark
17%
RepublicNorway
17%
FranklinPeoria
17%
PhillipsPlainview
17%
ClayRepublican
17%
JohnsonRoeland Park
17%
MortonRolla
17%
Brown | NemahaSabetha
17%
NemahaSeneca
17%
SumnerSpringdale
17%
CoffeyStar
17%
StaffordSt. John
17%
PottawatomieSt. Marys
17%
Chautauqua | Cloud | Decatur | MarionSummit
17%
LeavenworthTonganoxie
17%
Harvey | Labette | SumnerWalton
17%
LoganWestern
17%
Barton | Dickinson | Ellis | FordWheatland
17%
FranklinWilliamsburg
17%
JacksonAdrian
15%
Barton | Reno | RepublicAlbion
15%
HarveyAlta
15%
RiceAtlanta
15%
Crawford | GoveBaker
15%
Dickinson | Jackson | Rush | +2 othersBanner
15%
Barton | Cowley | Decatur | +5 othersBeaver
15%
SedgwickBel Aire
15%
MitchellBeloit
15%
Mitchell | SheridanBloomfield
15%
MitchellBlue Hill
15%
FordBucklin
15%
AllenCarlyle
15%
Ellsworth | Marion | Nemaha | +2 othersClear Creek
15%
GrayCopeland
15%
MorrisCouncil Grove
15%
ButlerDouglass
15%
OttawaDurham
15%
WyandotteEdwardsville
15%
ClarkEnglewood
15%
Ford | RenoEnterprise
15%
OsageFairfax
15%
SewardFargo
15%
MeadeFowler
15%
MarionGale
15%
SmithGerman
15%
PhillipsGlenwood
15%
ClayGoshen
15%
PhillipsGranite
15%
StevensHarmony
15%
BarberHazelton
15%
ChautauquaHendricks
15%
DickinsonHolland
15%
JacksonHolton
15%
ChaseHomestead
15%
GrayIngalls
15%
KiowaKiowa Rural
15%
LeavenworthLansing
15%
PawneeLarned
15%
LoganLees
15%
PhillipsLong Island
15%
PottawatomieLouisville
15%
StantonManter
15%
RenoMedford
15%
ScottMichigan
15%
GearyMilford
15%
GrayMontezuma
15%
LinnMound City
15%
MarshallMurray
15%
CloudNelson
15%
Dickinson | Ellsworth | MarshallNoble
15%
DecaturOberlin
15%
DecaturOlive
15%
JeffersonOskaloosa
15%
Cowley | Decatur | Finney | +3 othersPleasant Valley
15%
PhillipsPrairie View
15%
ComancheProtection
15%
LyonReading
15%
DickinsonRidge
15%
SumnerRyan
15%
Atchison | PottawatomieShannon
15%
ShermanSmoky
15%
Johnson | MiamiSpring Hill
15%
ShermanStateline
15%
ThomasSummers
15%
BarberSun City
15%
WoodsonToronto
15%
Pawnee | SedgwickValley Center
15%
StevensVoorhees
15%
MarshallWaterville
15%
WallaceWeskan
15%
WabaunseeWilmington
15%
CowleyWindsor
15%
WoodsonYates Center
15%
RawlinsAchilles
12%
BarberAetna
12%
SedgwickAfton
12%
NortonAlmena-District 4
12%
ClarkAppleton
12%
PhillipsArcade
12%
MitchellAsherville
12%
SedgwickAttica
12%
ComancheAvilla
12%
Coffey | SumnerAvon
12%
OsageBarclay
12%
WashingtonBarnes
12%
CherokeeBaxter Springs
12%
HamiltonBear Creek
12%
SumnerBelle Plaine
12%
EdwardsBelpre
12%
CheyenneBenkelman
12%
OsborneBethany
12%
StantonBig Bow
12%
Ellis | Neosho | RussellBig Creek
12%
LinnBlue Mound
12%
PottawatomieBlue Valley
12%
GrahamBryant
12%
JewellCalvin
12%
LabetteCanada
12%
NortonCenter-District 1
12%
FranklinCentropolis
12%
Clay | OttawaChapman
12%
ButlerChelsea
12%
MontgomeryCherry
12%
CheyenneCleveland Run
12%
Washington | WilsonClifton
12%
WashingtonColeman
12%
SumnerConway
12%
AllenCottage Grove
12%
MeadeCrooked Creek
12%
PhillipsCrystal
12%
OttawaCulver
12%
FranklinCutler
12%
BarberDeerhead
12%
CowleyDexter
12%
SmithDor
12%
HaskellDudley
12%
GrayEast Hess
12%
KearnyEast Hibbard
12%
ElkElk Falls
12%
BarberElm Mills
12%
AllenElsmore
12%
Ellsworth | McPhersonEmpire
12%
ClayExeter
12%
MarionFairplay
12%
JohnsonFairway
12%
Greenwood | WilsonFall River
12%
GrayFoote
12%
CherokeeGalena
12%
GrahamGettysburg
12%
SalineGlendale
12%
MitchellGlen Elder
12%
FordGrandview
12%
Saline | SedgwickGypsum
12%
HodgemanHallet
12%
HarveyHalstead
12%
BrownHamlin
12%
RenoHaven
12%
ButlerHickory
12%
FranklinHomewood
12%
AndersonIndian Creek
12%
ShermanItasca
12%
FinneyIvanhoe
12%
GreenwoodJanesville
12%
CheyenneJaqua
12%
SedgwickKechi
12%
Hamilton | KearnyKendall
12%
JeffersonKentucky
12%
HamiltonLamont
12%
RenoLangdon
12%
EllsworthLangley
12%
DouglasLecompton
12%
CoffeyLeRoy
12%
ShermanLlanos
12%
HaskellLockport
12%
AndersonLone Elm
12%
MarionLost Springs
12%
Miami | MontgomeryLouisburg
12%
WashingtonLowe
12%
CherokeeLowell
12%
RussellLuray
12%
WabaunseeMaple Hill
12%
HodgemanMarena
12%
BarberMcAdoo
12%
MeadeMeade Center
12%
HamiltonMedway
12%
ThomasMenlo
12%
McPhersonMeridian
12%
MeadeMertilla
12%
BarberMingona
12%
SedgwickMinneha
12%
JohnsonMission Woods
12%
LoganMonument
12%
WilsonNeodesha
12%
GrahamNicodemus
12%
BarberNippawalla
12%
EdwardsNorth Brown
12%
HodgemanNorth Roscoe
12%
MeadeOdee
12%
TregoOgallah
12%
RileyOgden
12%
CheyenneOrlando
12%
MiamiOsawatomie
12%
SheridanParnell
12%
LabetteParsons
12%
Gove | SedgwickPayne
12%
MarionPeabody
12%
FinneyPierceville
12%
Greenwood | PawneePleasant Grove
12%
CherokeePleasant View
12%
ComanchePowell
12%
ButlerProspect
12%
BrownRobinson
12%
Butler | Coffey | Cowley | +4 othersRock Creek
12%
RiceRockville
12%
RenoRoscoe
12%
FordRoyal
12%
PhillipsRushville
12%
LoganRussell Springs
12%
MeadeSand Creek
12%
PawneeSanta Fe
12%
DecaturSappa
12%
HodgemanSawlog
12%
FinneySherlock
12%
ShermanShermanville
12%
NeoshoShiloh
12%
ShawneeSilver Lake
12%
ClarkSitka
12%
Geary | McPherson | SalineSmoky Hill
12%
FordSodville
12%
Cloud | Graham | Phillips | +2 othersSolomon
12%
EdwardsSouth Brown
12%
SumnerSouth Haven
12%
HodgemanSouth Roscoe
12%
KearnySouthside
12%
FordSpearville
12%
ChaseStrong
12%
McPherson | OsageSuperior
12%
RenoSylvia
12%
MortonTaloga
12%
ShawneeTecumseh
12%
OsborneTilden
12%
Barber | McPherson | MitchellTurkey Creek
12%
JewellVicksburg
12%
SedgwickViola
12%
ShermanVoltaire
12%
SedgwickWaco
12%
RussellWaldo
12%
CheyenneWano
12%
LyonWaterloo
12%
AndersonWelda
12%
StevensWest Center
12%
KearnyWest Hibbard
12%
RenoWestminster
12%
MortonWestola
12%
AndersonWestphalia
12%
MeadeWest Plains
12%
JohnsonWestwood
12%
JacksonWhiting
12%
FordWilburn
12%
TregoWilcox
12%
RenoYoder
12%
SheridanAdell
10%
OsageAgency
10%
LyonAgnes City
10%
LaneAlamota
10%
StaffordAlbano
10%
RushAlexander-Belle Prairie
10%
DecaturAllison
10%
GrahamAllodium
10%
DecaturAltory
10%
LyonAmericus
10%
FranklinAppanoose
10%
CloudArion
10%
OsageArvonia
10%
EllsworthAsh Creek
10%
PawneeAsh Valley
10%
ClayAthelstane
10%
JohnsonAubry
10%
LoganAugustine
10%
GreenwoodBachelor
10%
RileyBala
10%
MarshallBalderson
10%
ThomasBarrett
10%
DecaturBassettville
10%
LincolnBattle Creek
10%
McPhersonBattle Hill
10%
ChaseBazaar
10%
NessBazine
10%
PottawatomieBelvue
10%
OttawaBennington
10%
RepublicBig Bend
10%
MarshallBigelow
10%
RushBig Timber
10%
EllsworthBlack Wolf
10%
GearyBlakely
10%
MarshallBlue Rapids
10%
MarshallBlue Rapids City
10%
CowleyBolton
10%
McPhersonBonaville
10%
SheridanBowcreek
10%
PhillipsBow Creek
10%
WashingtonBrantford
10%
JewellBrowns Creek
10%
PawneeBrowns Grove
10%
ButlerBruno
10%
Dickinson | Ellis | OttawaBuckeye
10%
Doniphan | JewellBurr Oak
10%
StaffordByron
10%
SalineCambria
10%
MontgomeryCaney
10%
ChautauquaCaneyville
10%
NeoshoCanville
10%
NemahaCapioma
10%
EllsworthCarneiro
10%
MitchellCarr Creek
10%
McPhersonCastle
10%
RenoCastleton
10%
EllisCatherine
10%
MarionCatlin
10%
MitchellCawker
10%
LincolnCedron
10%
NeoshoChanute
10%
DickinsonCheever
10%
Labette | Neosho | WilsonChetopa
10%
Kingman | SumnerChikaskia
10%
BartonClarence
10%
MarshallClear Fork
10%
ButlerClifford
10%
TregoCollyer
10%
PawneeConkling
10%
SmithCora
10%
OsborneCorinth
10%
MarshallCottage Hill
10%
RepublicCourtland
10%
OsborneCovert
10%
CowleyCreswell
10%
SmithCrystal Plains
10%
HarveyDarlington
10%
Allen | PhillipsDeer Creek
10%
SedgwickDelano
10%
OsborneDelhi
10%
McPhersonDelmore
10%
ChaseDiamond Creek
10%
SumnerDowns
10%
MarionDoyle
10%
OsageDragoon
10%
Decatur | KingmanDresden
10%
RawlinsDriftwood
10%
MontgomeryDrum Creek
10%
BourbonDrywood
10%
WilsonDuck Creek
10%
MarionDurham Park
10%
MarionEast Branch
10%
StaffordEast Cooper
10%
ThomasEast Hale
10%
SheridanEast Saline
10%
RiceEast Washington
10%
JohnsonEdgerton
10%
LoganElkader
10%
RepublicElk Creek
10%
LincolnElkhorn
10%
Marshall | SalineElm Creek
10%
LyonElmendaro
10%
LabetteElm Grove
10%
BarberElwood
10%
HarveyEmma
10%
JewellErving
10%
JewellEsbon
10%
Butler | LeavenworthFairmount
10%
SalineFalun
10%
RileyFancy Creek
10%
Rice | WabaunseeFarmer
10%
MontgomeryFawn Creek
10%
DecaturFinley
10%
ClayFive Creeks
10%
DickinsonFlora
10%
NessForrester
10%
OttawaFountain
10%
DickinsonFragrant Hill
10%
CrawfordFrontenac
10%
GoveGaeland
10%
KingmanGalesburg
10%
RiceGalt
10%
SedgwickGarden Plain
10%
ClayGill
10%
NemahaGilman
10%
Butler | TregoGlencoe
10%
LincolnGolden Belt
10%
SumnerGore
10%
GoveGrainfield
10%
NemahaGranada
10%
SedgwickGrand River
10%
AtchisonGrasshopper
10%
EllsworthGreen Garden
10%
WashingtonGreenleaf
10%
GoveGrinnell
10%
McPhersonGroveland
10%
SumnerGuelph
10%
WilsonGuilford
10%
MarshallGuittard
10%
McPhersonGypsum Creek
10%
LabetteHackberry
10%
WashingtonHaddam
10%
RushHampton-Fairview
10%
GrahamHappy
10%
MarshallHerkimer
10%
RawlinsHerl
10%
EllisHerzog
10%
NortonHighland-District 2
10%
NessHighpoint
10%
LeavenworthHigh Prairie
10%
JewellHolmwood
10%
KingmanHoosier
10%
BartonIndependent
10%
JewellIonia
10%
BrownIrving
10%
ScottIsbel
10%
LyonIvy
10%
GoveJerome
10%
DouglasKanwaka
10%
AtchisonKapioma
10%
SheridanKenneth
10%
ScottKeystone
10%
PawneeKeysville
10%
OsborneKill Creek
10%
WashingtonKimeo
10%
McPhersonKing City
10%
ThomasKingery
10%
PhillipsKirwin
10%
ThomasLacey
10%
RushLa Crosse-Brookdale
10%
NeoshoLadore
10%
AllenLa Harpe
10%
BarberLake City
10%
Johnson | WyandotteLake Quivira
10%
GoveLarrabee
10%
MarionLehigh
10%
JewellLimestone
10%
McPhersonLindsborg
10%
WashingtonLittle Blue
10%
ChautauquaLittle Caney
10%
McPhersonLittle Valley
10%
ButlerLittle Walnut
10%
RenoLoda
10%
LoganLogansport
10%
CherokeeLola
10%
RushLone Star
10%
McPherson | PottawatomieLone Tree
10%
ElkLongton
10%
EllisLookout
10%
RawlinsLudell
10%
MitchellLulu
10%
Allen | BourbonMarmaton
10%
McPhersonMarquette
10%
ChaseMatfield
10%
RileyMay Day
10%
LoganMcAllaster
10%
JohnsonMcCamish
10%
RenoMedora
10%
OsageMelvern
10%
MarionMenno
10%
ShawneeMenoken
10%
CloudMeredith
10%
MiamiMiddle Creek
10%
GrahamMillbrook
10%
Bourbon | Pottawatomie | Wabaunsee | WashingtonMill Creek
10%
CherokeeMineral
10%
RawlinsMirage
10%
WabaunseeMission Creek
10%
ShawneeMonmouth
10%
Jewell | LabetteMontana
10%
GrahamMorlan
10%
BrownMorrill
10%
OsborneMount Ayr
10%
Clay | Crawford | EllsworthMulberry
10%
ButlerMurdock
10%
OsborneNatoma
10%
WoodsonNeosho Falls
10%
JacksonNetawaka
10%
NemahaNeuchatel
10%
DickinsonNewbern
10%
WabaunseeNewbury
10%
McPhersonNew Gottland
10%
RenoNickerson
10%
Cowley | Kingman | Reno | SedgwickNinnescah
10%
BartonNorth Homestead
10%
ThomasNorth Randall
10%
StaffordNorth Seward
10%
ElkOak Valley
10%
Jewell | RiceOdessa
10%
MarshallOketo
10%
OsageOlivet
10%
CowleyOmnia
10%
OsageOsage City
10%
CowleyOtter
10%
GreenwoodOtter Creek
10%
CoffeyOttumwa
10%
JeffersonOzawkie
10%
BrownPadonia
10%
ElkPainterhood
10%
EllsworthPalacky
10%
SumnerPalestine
10%
DouglasPalmyra
10%
RussellParadise
10%
BartonPawnee Rock
10%
ElkPaw Paw
10%
LoganPaxton
10%
Graham | Rice | RushPioneer
10%
RushPleasantdale
10%
PawneePleasant Ridge
10%
RenoPlevna
10%
PhillipsPlum
10%
WabaunseePlumb
10%
MitchellPlum Creek
10%
ButlerPlum Grove
10%
FranklinPomona
10%
LinnPotosi
10%
BrownPowhattan
10%
Decatur | SheridanPrairie Dog
10%
RiceRaymond
10%
NemahaRed Vermillion
10%
AndersonReeder
10%
NemahaReilly
10%
OsageRidgeway
10%
DickinsonRinehart
10%
MarionRisley
10%
RawlinsRocewood
10%
ButlerRosalia
10%
RepublicRose Creek
10%
StaffordRose Valley
10%
ShawneeRossville
10%
OsborneRound Mound
10%
MitchellRound Springs
10%
ThomasRovohl
10%
Jefferson | KingmanRural
10%
CherokeeSalamanca
10%
Chautauqua | Lincoln | Mitchell | RenoSalt Creek
10%
GreenwoodSalt Springs
10%
JeffersonSarcoxie
10%
PawneeSawmill
10%
RepublicScandia
10%
OsageScranton
10%
SumnerSeventy-Six
10%
GreenwoodShell Rock
10%
PawneeShiley
10%
CloudShirley
10%
CloudSibley
10%
CowleySilver Creek
10%
CowleySilverdale
10%
JewellSinclair
10%
SalineSmoky View
10%
SalineSmolan
10%
Jackson | ShawneeSoldier
10%
NortonSolomon-District 3
10%
MitchellSolomon Rapids
10%
BartonSouth Bend
10%
BartonSouth Homestead
10%
ThomasSouth Randall
10%
GreenwoodSouth Salem
10%
StaffordSouth Seward
10%
McPhersonSouth Sharps Creek
10%
SheridanSpringbrook
10%
Coffey | Cowley | Greenwood | +2 othersSpring Creek
10%
CloudStarr
10%
MarshallSt. Bridget
10%
PottawatomieSt. Clere
10%
JacksonStraight Creek
10%
LeavenworthStranger
10%
WashingtonStrawberry
10%
MiamiSugar Creek
10%
SmithSwan
10%
RileySwede Creek
10%
Butler | MontgomerySycamore
10%
WilsonTalleyrand
10%
MiamiTen Mile
10%
BourbonTimberhill
10%
NeoshoTioga
10%
CowleyTisdale
10%
Butler | PhillipsTowanda
10%
EllsworthTrivoli
10%
GreenwoodTwin Grove
10%
ElkUnion Center
10%
OsageValley Brook
10%
SumnerValverde
10%
WilsonVerdigris
10%
LincolnVesper
10%
KingmanVinita
10%
DouglasWakarusa
10%
Atchison | Barton | Bourbon | +10 othersWalnut
10%
MitchellWalnut Creek
10%
NeoshoWalnut Grove
10%
PottawatomieWamego
10%
NessWaring
10%
ThomasWendell
10%
MarionWest Branch
10%
MontgomeryWest Cherry
10%
StaffordWest Cooper
10%
ThomasWest Hale
10%
SheridanWest Saline
10%
RiceWest Washington
10%
JohnsonWestwood Hills
10%
NemahaWetmore
10%
JewellWhite Mound
10%
Lane | Republic | SmithWhite Rock
10%
Elk | RileyWildcat
10%
GrahamWildhorse
10%
ShawneeWilliamsport
10%
DickinsonWillowdale
10%
GearyWingfield
10%
LoganWinona
10%
RussellWinterset
10%
DoniphanWolf River
10%
RileyZeandale
10%
MontgomeryCherryvale
7%
BartonEllinwood
7%
PottawatomieEmmett
7%
Dickinson | MorrisHerington
7%
BartonHoisington
7%
BrownHorton
7%
RenoLittle River
7%
LabetteMound Valley
7%
MontgomeryRutland
7%
CherokeeScammon
7%
CherokeeWeir
7%
DouglasWillow Springs
7%

Score Distribution

Percentile by Number Answered

Percent of People with Each Score

Your Score History

You have not taken this quiz